| 000 | 00416nam a22001577a 4500 | ||
|---|---|---|---|
| 003 | SGT | ||
| 082 |
_a617.51 _bL61S |
||
| 100 | _aSTEWART. JOHN P. | ||
| 245 |
_aLOGAN TURNER'S DISEASES OF NOSE, THROAT & EAR _bWITH RARE DISEASES ORIGENAL PHOTOGRAPH |
||
| 250 | _a6TH | ||
| 260 |
_aUSA _bBRISTOL PUB _c1961 |
||
| 300 | _a524 | ||
| 650 | _aENT | ||
| 653 | _aWITH RARE DISEASES ORIGENAL PHOTOGRAPH | ||
| 942 |
_2ddc _cRARE |
||
| 999 |
_c22345 _d22345 |
||